[Event "Olimpiada de Khanty-Mansiysk 2010"]
[Site "Khanty-Mansiysk RUS"]
[Date "2010.09.23"]
[Round "3.2"]
[White "Amin, Bassem"]
[Black "Gallagher, Joseph"]
[Result "1-0"]
[WhiteElo "2578"]
[BlackElo "2517"]
[PlyCount "151"]
[EventDate "2010.09.21"]
[EventType "team"]
[EventRounds "11"]
[EventCountry "RUS"]
[Source "lmi"]
[SourceDate "2010.09.21"]
[WhiteTeam "Egipto"]
[BlackTeam "Suiza"]
[WhiteTeamCountry "EGY"]
[BlackTeamCountry "SUI"]

1. e4 c5 2. Nf3 Nc6 3. Bb5 d6 4. Bxc6+ bxc6 5. O-O e5 6. c3 Nf6 7. d4 cxd4 8.
cxd4 exd4 9. Nxd4 c5 10. Ne2 Be7 11. Nbc3 O-O 12. Re1 Bb7 13. Ng3 g6 14. Bg5
Re8 15. Qd2 Ng4 16. Bxe7 Qxe7 17. h3 Ne5 18. Rad1 Nc4 19. Qe2 Nb6 20. Qg4 Kh8
21. b3 Rad8 22. Re3 Qe6 23. Qf4 Kg7 24. Red3 Nc8 25. Nd5 Bxd5 26. Rxd5 f6 27.
Qd2 Qe7 28. f4 Nb6 29. Rxd6 Rxd6 30. Qxd6 Qxd6 31. Rxd6 Rc8 32. a4 Kf7 33. f5
Rc7 34. Ne2 c4 35. bxc4 Nxa4 36. Nf4 Nc5 37. Nd5 Nxe4 38. Ra6 Rxc4 39. Rxa7+
Kf8 40. Rxh7 gxf5 41. Kh2 Rd4 42. Nf4 Ng5 43. Ng6+ Kg8 44. Ra7 f4 45. h4 Nf7
46. Ne7+ Kf8 47. Nf5 Rd5 48. Ra8+ Nd8 49. Kh3 Rxf5 50. Rxd8+ Kg7 51. Kg4 Ra5
52. Kxf4 Ra4+ 53. Kg3 Ra3+ 54. Kg4 Ra4+ 55. Kh3 Ra3+ 56. g3 Ra4 57. Rd3 Kg6 58.
Rf3 Rb4 59. g4 Rb5 60. Kg3 Ra5 61. Re3 Ra4 62. Rd3 Ra5 63. Rd4 Ra3+ 64. Kf4 Ra1
65. h5+ Kh6 66. Kf5 Rf1+ 67. Rf4 Ra1 68. Kxf6 Ra6+ 69. Kf7 Kg5 70. Re4 Rb6 71.
Re6 Rb7+ 72. Re7 Rb4 73. Re5+ Kf4 74. Re6 Rb7+ 75. Kg6 Kxg4 76. h6 1-0

[Event "Olimpiada de Khanty-Mansiysk 2010"]
[Site "Khanty-Mansiysk RUS"]
[Date "2010.09.23"]
[Round "3.3"]
[White "Ekstroem, Roland"]
[Black "Shoker, Samy"]
[Result "1/2-1/2"]
[WhiteElo "2489"]
[BlackElo "2458"]
[PlyCount "135"]
[EventDate "2010.09.21"]
[EventType "team"]
[EventRounds "11"]
[EventCountry "RUS"]
[Source "lmi"]
[SourceDate "2010.09.21"]
[WhiteTeam "Suiza"]
[BlackTeam "Egipto"]
[WhiteTeamCountry "SUI"]
[BlackTeamCountry "EGY"]

1. c4 g6 2. g3 Bg7 3. Bg2 c5 4. Nc3 Nc6 5. Nf3 Nf6 6. O-O O-O 7. d4 cxd4 8.
Nxd4 Nxd4 9. Qxd4 d6 10. Qd3 a6 11. Rd1 Bf5 12. Qf3 Rb8 13. c5 Nd7 14. cxd6 Ne5
15. Qf4 exd6 16. Be3 b5 17. Bd4 Bc2 18. Rdc1 g5 19. Qd2 Nc4 20. Qxc2 Bxd4 21.
e3 Bg7 22. Rab1 Rc8 23. Nd5 Rc5 24. Qf5 Re8 25. b3 Re5 26. Qd3 Na3 27. Rxc5
dxc5 28. Rc1 c4 29. Qd1 Re6 30. Qe1 Rd6 31. e4 Bb2 32. Rd1 c3 33. Nxc3 Nc2 34.
Rxd6 Qxd6 35. Qb1 Bxc3 36. Qxc2 Qd4 37. Bh3 Kg7 38. Bc8 a5 39. Ba6 b4 40. Qe2
Qd2 41. Qg4 Bf6 42. Kg2 a4 43. Bc4 Qd4 44. Bd5 axb3 45. axb3 Be7 46. Qh5 Qf6
47. e5 Qf5 48. Qe2 Bc5 49. Bc4 Bd4 50. e6 fxe6 51. Bxe6 Qe5 52. Qd3 h5 53. Bf5
h4 54. Qf3 hxg3 55. hxg3 Bc5 56. Bd3 Qf6 57. Qe2 Qc6+ 58. Be4 Qe6 59. Qd3 Qd6
60. Qc2 Qd4 61. Bf3 Be7 62. Qf5 Qf6 63. Qd5 Qd6 64. Qe4 Qf6 65. Be2 Bc5 66. Bf3
Be7 67. Kh3 Bc5 68. Kg2 1/2-1/2

[Event "Olimpiada de Khanty-Mansiysk 2010"]
[Site "Khanty-Mansiysk RUS"]
[Date "2010.09.23"]
[Round "3.4"]
[White "Ezat, Mohamed"]
[Black "Kurmann, Oliver"]
[Result "1/2-1/2"]
[WhiteElo "2448"]
[BlackElo "2452"]
[PlyCount "64"]
[EventDate "2010.09.21"]
[EventType "team"]
[EventRounds "11"]
[EventCountry "RUS"]
[Source "lmi"]
[SourceDate "2010.09.21"]
[WhiteTeam "Egipto"]
[BlackTeam "Suiza"]
[WhiteTeamCountry "EGY"]
[BlackTeamCountry "SUI"]

1. d4 Nf6 2. c4 e6 3. Nc3 c5 4. d5 exd5 5. cxd5 d6 6. e4 g6 7. f4 Bg7 8. Bb5+
Nfd7 9. Be2 O-O 10. Nf3 Na6 11. O-O Nc7 12. Kh1 a6 13. a4 Rb8 14. f5 b5 15. Bg5
Bf6 16. Bxf6 Qxf6 17. fxg6 hxg6 18. Qd2 bxa4 19. e5 Nxe5 20. Ne4 Qe7 21. Rxa4
Nxf3 22. Rxf3 f5 23. Rg3 Qg7 24. Nc3 Bd7 25. Rh4 Nb5 26. Nxb5 Bxb5 27. Rgh3
Bxe2 28. Rh8+ Qxh8 29. Rxh8+ Kxh8 30. Qh6+ Kg8 31. Qxg6+ Kh8 32. Qh6+ Kg8
1/2-1/2

[Event "Olimpiada de Khanty-Mansiysk 2010"]
[Site "Khanty-Mansiysk RUS"]
[Date "2010.09.23"]
[Round "3.1"]
[White "Papaioannou, Ioannis"]
[Black "Stefansson, Hannes"]
[Result "1/2-1/2"]
[WhiteElo "2622"]
[BlackElo "2585"]
[PlyCount "37"]
[EventDate "2010.09.21"]
[EventType "team"]
[EventRounds "11"]
[EventCountry "RUS"]
[Source "lmi"]
[SourceDate "2010.09.21"]
[WhiteTeam "Grecia"]
[BlackTeam "Islandia"]
[WhiteTeamCountry "GRE"]
[BlackTeamCountry "ISL"]

1. d4 Nf6 2. c4 e6 3. g3 Bb4+ 4. Nd2 d5 5. Bg2 O-O 6. Ngf3 b6 7. cxd5 exd5 8.
O-O Bb7 9. Ne5 Nbd7 10. Ndf3 Nxe5 11. Nxe5 Re8 12. Bf4 Bd6 13. Nd3 c5 14. dxc5
bxc5 15. b3 Rc8 16. Rc1 Ba6 17. Bxd6 Qxd6 18. Re1 d4 19. Qd2 1/2-1/2

[Event "Olimpiada de Khanty-Mansiysk 2010"]
[Site "Khanty-Mansiysk RUS"]
[Date "2010.09.23"]
[Round "3.2"]
[White "Steingrimsson, Hedinn"]
[Black "Banikas, Hristos"]
[Result "1/2-1/2"]
[WhiteElo "2550"]
[BlackElo "2590"]
[PlyCount "61"]
[EventDate "2010.09.21"]
[EventType "team"]
[EventRounds "11"]
[EventCountry "RUS"]
[Source "lmi"]
[SourceDate "2010.09.21"]
[WhiteTeam "Islandia"]
[BlackTeam "Grecia"]
[WhiteTeamCountry "ISL"]
[BlackTeamCountry "GRE"]

1. d4 Nf6 2. c4 e6 3. Nc3 Bb4 4. Qc2 c5 5. dxc5 O-O 6. a3 Bxc5 7. Nf3 b6 8. Bf4
Bb7 9. Rd1 Nh5 10. Ng5 g6 11. Bc1 Be7 12. Nge4 Nc6 13. Bh6 Re8 14. Nd6 Bxd6 15.
Rxd6 Ne5 16. e4 f5 17. Qd2 Bc6 18. exf5 exf5 19. Kd1 Nf7 20. Rd4 Qe7 21. Be2
Nf6 22. f3 Nxh6 23. Qxh6 Qe5 24. Qf4 Qxf4 25. Rxf4 d5 26. cxd5 Nxd5 27. Bc4 Kg7
28. Bxd5 Bxd5 29. Nxd5 Rad8 30. Rd4 Re5 31. Kc2 1/2-1/2

[Event "Olimpiada de Khanty-Mansiysk 2010"]
[Site "Khanty-Mansiysk RUS"]
[Date "2010.09.23"]
[Round "3.3"]
[White "Mastrovasilis, Dimitrios"]
[Black "Thorfinnsson, Bragi"]
[Result "1-0"]
[WhiteElo "2569"]
[BlackElo "2415"]
[PlyCount "76"]
[EventDate "2010.09.21"]
[EventType "team"]
[EventRounds "11"]
[EventCountry "RUS"]
[Source "lmi"]
[SourceDate "2010.09.21"]
[WhiteTeam "Grecia"]
[BlackTeam "Islandia"]
[WhiteTeamCountry "GRE"]
[BlackTeamCountry "ISL"]

1. e4 e5 2. Nf3 Nf6 3. Nxe5 d6 4. Nf3 Nxe4 5. d4 d5 6. Bd3 Nc6 7. O-O Be7 8. c4
Nb4 9. Be2 O-O 10. Nc3 Bf5 11. a3 Nxc3 12. bxc3 Nc6 13. cxd5 Qxd5 14. Bf4 Rac8
15. Re1 Rfe8 16. Nd2 Na5 17. Nf1 Qd7 18. Ne3 Bd6 19. Nxf5 Qxf5 20. Be3 Rcd8 21.
Bd3 Qd5 22. Qa4 b6 23. c4 Qh5 24. g3 Bf8 25. c5 Qd5 26. Rab1 g6 27. Bf1 Bg7 28.
Rbd1 h6 29. Qc2 Qb3 30. Qc1 Kh7 31. cxb6 cxb6 32. Qc7 Qxa3 33. d5 Nb3 34. d6
Qb4 35. Qxf7 Rf8 36. Qc7 a5 37. Qxb6 Qa4 38. d7 Qa3 1-0

[Event "Olimpiada de Khanty-Mansiysk 2010"]
[Site "Khanty-Mansiysk RUS"]
[Date "2010.09.23"]
[Round "3.4"]
[White "Gretarsson, Hjorvar Stein"]
[Black "Mastrovasilis, Athanasios"]
[Result "0-1"]
[WhiteElo "2398"]
[BlackElo "2556"]
[PlyCount "80"]
[EventDate "2010.09.21"]
[EventType "team"]
[EventRounds "11"]
[EventCountry "RUS"]
[Source "lmi"]
[SourceDate "2010.09.21"]
[WhiteTeam "Islandia"]
[BlackTeam "Grecia"]
[WhiteTeamCountry "ISL"]
[BlackTeamCountry "GRE"]

1. d4 Nf6 2. c4 b6 3. f3 Nc6 4. d5 Ne5 5. e4 e6 6. Nc3 Bc5 7. Be2 Ng6 8. Nh3
O-O 9. Nf2 c6 10. O-O Bb7 11. Kh1 cxd5 12. exd5 exd5 13. cxd5 Re8 14. Bg5 h6
15. Bxf6 Qxf6 16. Nfe4 Qe5 17. Nxc5 bxc5 18. Bb5 Re7 19. Qd2 d6 20. Rad1 Rb8
21. Bd3 Qh5 22. f4 Rbe8 23. Bb5 Rb8 24. Qf2 Bc8 25. f5 Ne5 26. Be2 Ng4 27. Qg3
Rxe2 28. Nxe2 Rxb2 29. Nf4 Qg5 30. h4 Qxf5 31. Nd3 Rd2 32. Qe1 Rxd1 33. Qxd1
Qxd5 34. Qf3 Qh5 35. g3 Qg6 36. Qa8 Kh7 37. Nf4 Qc2 38. Ng2 Bf5 39. Rg1 Be4 40.
Qxa7 Bxg2+ 0-1

[Event "Olimpiada de Khanty-Mansiysk 2010"]
[Site "Khanty-Mansiysk RUS"]
[Date "2010.09.23"]
[Round "3.3"]
[White "Kantinti, Shadrack"]
[Black "Lafuente, Pablo"]
[Result "0-1"]
[WhiteElo "2158"]
[BlackElo "2565"]
[PlyCount "106"]
[EventDate "2010.09.21"]
[EventType "team"]
[EventRounds "11"]
[EventCountry "RUS"]
[Source "lmi"]
[SourceDate "2010.09.21"]
[WhiteTeam "Uganda"]
[BlackTeam "Argentina"]
[WhiteTeamCountry "UGA"]
[BlackTeamCountry "ARG"]

1. e4 c6 2. d4 d5 3. Nc3 dxe4 4. Nxe4 Bf5 5. Ng3 Bg6 6. Nf3 Nd7 7. h4 h6 8. h5
Bh7 9. Bd3 Bxd3 10. Qxd3 e6 11. Bd2 Ngf6 12. Qe2 Be7 13. O-O-O O-O 14. Ne5 Qb6
15. Ng6 Rfe8 16. Nxe7+ Rxe7 17. Nf5 Ree8 18. Nd6 Red8 19. Be3 Nd5 20. Qf3 N7f6
21. Bxh6 gxh6 22. Qg3+ Kf8 23. Nxf7 Kxf7 24. Qg6+ Ke7 25. Qg7+ Kd6 26. c4 c5
27. cxd5 Nxd5 28. Rhe1 cxd4 29. Rxd4 Qc7+ 30. Qxc7+ Kxc7 31. Rxe6 Rd6 32. Rxd6
Kxd6 33. Rg4 Rf8 34. Rg6+ Rf6 35. Rg7 Ne7 36. f3 Rf5 37. g4 Rxf3 38. g5 hxg5
39. Rxg5 Rh3 40. a3 Nd5 41. Rg7 Kc6 42. Rg6+ Kb5 43. h6 b6 44. Rg7 Ka6 45. Rg6
Ne7 46. Rg7 Nf5 47. Rf7 Nxh6 48. Rh7 Rh1+ 49. Kd2 Rh2+ 50. Kc3 Ng4 51. Rg7 Rh3+
52. Kd2 Ne5 53. Kc2 Nc4 0-1

[Event "Olimpiada de Khanty-Mansiysk 2010"]
[Site "Khanty-Mansiysk RUS"]
[Date "2010.09.23"]
[Round "3.4"]
[White "Valerga, Diego"]
[Black "Kawuma, Steven Male"]
[Result "0-1"]
[WhiteElo "2508"]
[BlackElo "2203"]
[PlyCount "96"]
[EventDate "2010.09.21"]
[EventType "team"]
[EventRounds "11"]
[EventCountry "RUS"]
[Source "lmi"]
[SourceDate "2010.09.21"]
[WhiteTeam "Argentina"]
[BlackTeam "Uganda"]
[WhiteTeamCountry "ARG"]
[BlackTeamCountry "UGA"]

1. d4 Nf6 2. c4 d6 3. Nc3 g6 4. e4 Bg7 5. Be2 O-O 6. Nf3 Na6 7. O-O e5 8. Re1
Bg4 9. d5 Nc5 10. Qc2 a5 11. Bg5 h6 12. Bh4 Qc8 13. h3 Bd7 14. Nd2 Nh7 15. Nb3
b6 16. Nxc5 bxc5 17. Qd2 f5 18. exf5 gxf5 19. f4 e4 20. Bf2 Kh8 21. a4 Rg8 22.
Nb5 Nf6 23. Ra3 Bxb5 24. axb5 Qe8 25. Kh2 Qg6 26. Rg3 Qf7 27. Qd1 e3 28. Bxe3
Ne4 29. Bh5 Qf8 30. Rg6 Bxb2 31. g4 a4 32. gxf5 a3 33. Qc2 Nf6 34. Bf3 Nd7 35.
Rxg8+ Qxg8 36. Bd2 Qg7 37. f6 Bxf6 38. Qa2 Rg8 39. Bg4 h5 40. Qxa3 hxg4 41. Rg1
Qh6 42. Rg3 Ne5 43. Qc1 Nf3+ 44. Kh1 Nxd2 45. Qxd2 Be5 46. Qg2 Qxf4 47. Rxg4
Rxg4 48. hxg4 Qc1+ 0-1

[Event "Olimpiada de Khanty-Mansiysk 2010"]
[Site "Khanty-Mansiysk RUS"]
[Date "2010.09.23"]
[Round "3.2"]
[White "Fernando, Diogo"]
[Black "Teterev, Vitaly"]
[Result "0-1"]
[WhiteElo "2475"]
[BlackElo "2511"]
[PlyCount "66"]
[EventDate "2010.09.21"]
[EventType "team"]
[EventRounds "11"]
[EventCountry "RUS"]
[Source "lmi"]
[SourceDate "2010.09.21"]
[WhiteTeam "Portugal"]
[BlackTeam "Bielorusia"]
[WhiteTeamCountry "POR"]
[BlackTeamCountry "BLR"]

1. c4 g6 2. Nc3 Bg7 3. g3 c5 4. Bg2 Nc6 5. a3 d6 6. Rb1 a5 7. Nf3 e5 8. d3 Nge7
9. Bg5 f6 10. Bd2 O-O 11. O-O Be6 12. Rc1 Rb8 13. Qa4 Qd7 14. e3 b6 15. Rfd1
Rfd8 16. Be1 Bg4 17. Rd2 Kh8 18. h4 h6 19. Nh2 Bh3 20. Nd5 Bxg2 21. Kxg2 Qb7
22. Qd1 f5 23. e4 Rf8 24. Nxe7 Qxe7 25. h5 Qg5 26. hxg6 Qxg6 27. f3 h5 28. Rf2
Bh6 29. Bd2 Rg8 30. Nf1 Bxd2 31. Qxd2 f4 32. Kh1 Nd4 33. Re1 Rb7 0-1

[Event "Olimpiada de Khanty-Mansiysk 2010"]
[Site "Khanty-Mansiysk RUS"]
[Date "2010.09.23"]
[Round "3.3"]
[White "Podolchenko, Evgeniy"]
[Black "Fernandes, Antonio"]
[Result "1-0"]
[WhiteElo "2506"]
[BlackElo "2422"]
[PlyCount "121"]
[EventDate "2010.09.21"]
[EventType "team"]
[EventRounds "11"]
[EventCountry "RUS"]
[Source "lmi"]
[SourceDate "2010.09.21"]
[WhiteTeam "Bielorusia"]
[BlackTeam "Portugal"]
[WhiteTeamCountry "BLR"]
[BlackTeamCountry "POR"]

1. d4 Nf6 2. c4 e6 3. Nc3 d5 4. cxd5 exd5 5. Bg5 c6 6. e3 Be7 7. Qc2 Nbd7 8.
Bd3 Nf8 9. Nge2 Ne6 10. Bh4 g6 11. O-O O-O 12. a3 Ng7 13. b4 Bf5 14. b5 Bxd3
15. Qxd3 Nf5 16. Bxf6 Bxf6 17. bxc6 bxc6 18. Na4 Qa5 19. Qc2 Rfc8 20. Nc5 Be7
21. Rfc1 Nd6 22. Nb3 Qa6 23. a4 Rab8 24. Nc5 Qa5 25. Nf4 Nc4 26. Nfd3 Bxc5 27.
Nxc5 Rb2 28. Qd1 Rcb8 29. Rab1 Kg7 30. g3 Rxb1 31. Rxb1 Qd2 32. Qf1 Rb6 33. Rd1
Qc2 34. Rc1 Qf5 35. Qd3 Qh3 36. e4 Rb2 37. exd5 cxd5 38. Qf3 Qh6 39. Re1 Qg5
40. Re8 Qc1+ 41. Kg2 Rb1 42. Ne6+ Kh6 43. Qf4+ Qxf4 44. Nxf4 Rb7 45. Rd8 Kg7
46. Nxd5 a5 47. g4 h6 48. h4 Nb6 49. Nc3 Rc7 50. Ne4 g5 51. Nd6 Rd7 52. Nf5+
Kh7 53. Rb8 Nxa4 54. h5 Ra7 55. Rb3 Ra6 56. Rb7 Kg8 57. d5 Nc5 58. Rc7 Ne4 59.
Rc6 Ra7 60. f3 Nd2 61. d6 1-0

[Event "Olimpiada de Khanty-Mansiysk 2010"]
[Site "Khanty-Mansiysk RUS"]
[Date "2010.09.23"]
[Round "3.4"]
[White "Rocha, Sergio"]
[Black "Stupak, Kirill"]
[Result "0-1"]
[WhiteElo "2438"]
[BlackElo "2502"]
[PlyCount "104"]
[EventDate "2010.09.21"]
[EventType "team"]
[EventRounds "11"]
[EventCountry "RUS"]
[Source "lmi"]
[SourceDate "2010.09.21"]
[WhiteTeam "Portugal"]
[BlackTeam "Bielorusia"]
[WhiteTeamCountry "POR"]
[BlackTeamCountry "BLR"]

1. e4 e6 2. d4 d5 3. Nc3 Bb4 4. e5 Qd7 5. a3 Bf8 6. f4 b6 7. b4 Ne7 8. Nf3 c6
9. Be3 Ba6 10. Bxa6 Nxa6 11. O-O Nf5 12. Bf2 c5 13. bxc5 bxc5 14. Qe2 Qc6 15.
Nb5 c4 16. a4 h5 17. Nh4 Nxh4 18. Bxh4 g6 19. Bf6 Rg8 20. Rfb1 Kd7 21. Qe1 c3
22. Qxc3 Qxc3 23. Nxc3 Bb4 24. Na2 Rab8 25. c3 Ba3 26. Rb5 Rxb5 27. axb5 Nc7
28. Rb1 Rb8 29. Kf1 Rxb5 30. Rxb5 Nxb5 31. Ke2 Bf8 32. Kd3 Na3 33. h3 Kc6 34.
g4 hxg4 35. hxg4 a5 36. Bg5 Kb5 37. f5 gxf5 38. gxf5 exf5 39. Bc1 Nc4 40. Kc2
Be7 41. Bf4 a4 42. Nc1 Na5 43. Kd3 Ba3 44. Na2 Kc6 45. Bg5 Kd7 46. Ke3 Nc4+ 47.
Kf4 Ke6 48. Bh6 f6 49. exf6 Kxf6 50. Kf3 Bd6 51. Bc1 Kg6 52. Kf2 f4 0-1

[Event "Olimpiada de Khanty-Mansiysk 2010"]
[Site "Khanty-Mansiysk RUS"]
[Date "2010.09.23"]
[Round "3.1"]
[White "Jumabayev, Rinat"]
[Black "Mehmeti, Dritan"]
[Result "1-0"]
[WhiteElo "2547"]
[BlackElo "2415"]
[PlyCount "59"]
[EventDate "2010.09.21"]
[EventType "team"]
[EventRounds "11"]
[EventCountry "RUS"]
[Source "lmi"]
[SourceDate "2010.09.21"]
[WhiteTeam "Kazajstán"]
[BlackTeam "Albania"]
[WhiteTeamCountry "KAZ"]
[BlackTeamCountry "ALB"]

1. Nf3 c5 2. c4 Nf6 3. Nc3 d5 4. cxd5 Nxd5 5. d4 cxd4 6. Qxd4 Nxc3 7. Qxc3 Nc6
8. e4 e6 9. a3 Bd7 10. Be2 f6 11. O-O Be7 12. Rd1 Qc7 13. b4 a6 14. Bc4 Rc8 15.
Qd3 Rd8 16. Be3 Kf7 17. Qe2 g6 18. Rac1 Kg7 19. Nd4 e5 20. Nxc6 Bxc6 21. Bd5
Rd7 22. Bxc6 Rxd1+ 23. Qxd1 bxc6 24. Qa4 Rd8 25. Qxa6 Qd7 26. h3 Qd3 27. Qxc6
Qxa3 28. Qe6 Qxb4 29. Rc7 Re8 30. Bc5 1-0

[Event "Olimpiada de Khanty-Mansiysk 2010"]
[Site "Khanty-Mansiysk RUS"]
[Date "2010.09.23"]
[Round "3.2"]
[White "Seitaj, Ilir"]
[Black "Kuderinov, Kirill"]
[Result "1-0"]
[WhiteElo "2390"]
[BlackElo "2481"]
[PlyCount "83"]
[EventDate "2010.09.21"]
[EventType "team"]
[EventRounds "11"]
[EventCountry "RUS"]
[Source "lmi"]
[SourceDate "2010.09.21"]
[WhiteTeam "Albania"]
[BlackTeam "Kazajstán"]
[WhiteTeamCountry "ALB"]
[BlackTeamCountry "KAZ"]

1. e4 c5 2. b3 d6 3. Bb2 Nf6 4. Bb5+ Nbd7 5. d3 a6 6. Bxd7+ Bxd7 7. f4 e6 8.
Nf3 d5 9. Nbd2 Be7 10. Ne5 O-O 11. O-O c4 12. Nxd7 Nxd7 13. dxc4 dxc4 14. Nxc4
b5 15. Nd2 Nf6 16. Qe2 Rc8 17. c4 Bc5+ 18. Kh1 Bd4 19. Bxd4 Qxd4 20. Rae1 Rfd8
21. Nf3 Qc5 22. e5 Ne8 23. Ng5 h6 24. Ne4 Qc6 25. c5 Rd4 26. Rf3 Qd5 27. h3 Kf8
28. a3 Ra8 29. Kh2 Ra7 30. Re3 Rd7 31. Qf3 Re7 32. Rc1 Rc7 33. b4 Rc6 34. Rcc3
f5 35. exf6 Nxf6 36. Nxf6 Qxf3 37. Nh7+ Kg8 38. Rxf3 a5 39. Rcd3 Rc4 40. Rd7
Kxh7 41. Rg3 h5 42. Rdxg7+ 1-0

[Event "Olimpiada de Khanty-Mansiysk 2010"]
[Site "Khanty-Mansiysk RUS"]
[Date "2010.09.23"]
[Round "3.3"]
[White "Ismagambetov, Anuar"]
[Black "Rama, Lorenc"]
[Result "1-0"]
[WhiteElo "2492"]
[BlackElo "2276"]
[PlyCount "149"]
[EventDate "2010.09.21"]
[EventType "team"]
[EventRounds "11"]
[EventCountry "RUS"]
[Source "lmi"]
[SourceDate "2010.09.21"]
[WhiteTeam "Kazajstán"]
[BlackTeam "Albania"]
[WhiteTeamCountry "KAZ"]
[BlackTeamCountry "ALB"]

1. e4 d6 2. d4 Nf6 3. Nc3 g6 4. Nf3 Bg7 5. Be2 O-O 6. O-O b6 7. Re1 Bb7 8. Bf1
Nbd7 9. Bg5 h6 10. Bf4 Nh5 11. Be3 Kh7 12. g3 Nhf6 13. Bg2 e5 14. d5 a6 15. a4
Qe8 16. Nd2 a5 17. Nb5 Qd8 18. c3 Nc5 19. Qc2 Bc8 20. b4 Nb7 21. f3 h5 22. Bg5
Bd7 23. f4 Bxb5 24. axb5 Qe8 25. Qd3 Nd7 26. f5 Bf6 27. Be3 Qe7 28. Bh3 g5 29.
Bf1 g4 30. h4 Bg7 31. Nc4 Bh6 32. Bf2 axb4 33. cxb4 Rxa1 34. Rxa1 Nf6 35. Ra7
Rb8 36. Qc2 Ne8 37. Qa4 Qd8 38. Bd3 Qc8 39. Kg2 Kg7 40. Kf1 Nd8 41. Ke2 Kf8 42.
Qc2 Ra8 43. Nxb6 cxb6 44. Qxc8 Rxc8 45. Bxb6 Rb8 46. Bf2 Bc1 47. Ra2 Nf6 48.
Kd1 Bh6 49. Kc2 Nd7 50. Ra7 Nb6 51. Ra6 Nc8 52. Kb3 Nb7 53. b6 Nd8 54. Bb5 Ne7
55. Kc2 Nc8 56. Bc6 Ne7 57. b5 Nc8 58. Kb3 Kg7 59. Kc4 Nb7 60. Bd7 Bc1 61. Kb3
Bd2 62. Bc6 Nc5+ 63. Bxc5 dxc5 64. b7 Nd6 65. Ra8 Rxb7 66. Bxb7 Nxb7 67. Ra6
Be1 68. Rb6 Na5+ 69. Ka4 Nc4 70. Rc6 Bxg3 71. d6 Kf6 72. b6 Nxb6+ 73. Rxb6 Bf2
74. Rb8 c4 75. d7 1-0

[Event "Olimpiada de Khanty-Mansiysk 2010"]
[Site "Khanty-Mansiysk RUS"]
[Date "2010.09.23"]
[Round "3.2"]
[White "Bezgodov, Alexei"]
[Black "Fernandez, Daniel Howard"]
[Result "1-0"]
[WhiteElo "2485"]
[BlackElo "2371"]
[PlyCount "97"]
[EventDate "2010.09.21"]
[EventType "team"]
[EventRounds "11"]
[EventCountry "RUS"]
[Source "lmi"]
[SourceDate "2010.09.21"]
[WhiteTeam "RU4"]
[BlackTeam "Singapur"]
[BlackTeamCountry "SIN"]

1. Nf3 g6 2. d4 Bg7 3. e4 d6 4. Nc3 a6 5. h3 Nd7 6. Bc4 e6 7. a4 b6 8. Bg5 Ne7
9. h4 h6 10. Bf4 Bb7 11. Qe2 Qb8 12. Rd1 Qa7 13. O-O Rd8 14. Rfe1 Qa8 15. Nh2
O-O 16. Qe3 Kh7 17. Qh3 e5 18. Be3 exd4 19. Bxd4 Ne5 20. Bb3 N7c6 21. Be3 Na5
22. Bd5 Nac4 23. Bc1 c6 24. Bxc4 Nxc4 25. h5 Bc8 26. Qg3 g5 27. Nf3 Bxc3 28.
bxc3 f6 29. Nh4 Rfe8 30. f4 b5 31. Ng6 Qa7+ 32. Kh2 Qd7 33. f5 bxa4 34. Rd4 c5
35. Rxc4 Qb5 36. e5 Qxc4 37. e6 Bb7 38. e7 Rc8 39. Re6 Qd5 40. Rxf6 Qd1 41.
Bxg5 Qxh5+ 42. Bh4 Bd5 43. Nf4 Rg8 44. Nxh5 Rxg3 45. Bxg3 a3 46. Rf8 a2 47.
Rxc8 Bf7 48. Bxd6 Bxh5 49. Be5 1-0

[Event "Olimpiada de Khanty-Mansiysk 2010"]
[Site "Khanty-Mansiysk RUS"]
[Date "2010.09.23"]
[Round "3.3"]
[White "Chan, Wei Xuan Timothy"]
[Black "Genba, Vladimir"]
[Result "1-0"]
[WhiteElo "2338"]
[BlackElo "2445"]
[PlyCount "107"]
[EventDate "2010.09.21"]
[EventType "team"]
[EventRounds "11"]
[EventCountry "RUS"]
[Source "lmi"]
[SourceDate "2010.09.21"]
[WhiteTeam "Singapur"]
[BlackTeam "RU4"]
[WhiteTeamCountry "SIN"]

1. e4 e5 2. Nf3 Nc6 3. Bb5 Nf6 4. Qe2 d6 5. d4 Bd7 6. d5 Nb8 7. Bxd7+ Nbxd7 8.
c4 g6 9. Nc3 Bg7 10. O-O O-O 11. Be3 a5 12. a3 a4 13. Qc2 Ra6 14. Nd2 Qa8 15.
h3 b6 16. Na2 Nb8 17. Nb1 h5 18. Nbc3 Rc8 19. f3 Nfd7 20. Kh1 Nc5 21. Rad1 Ra5
22. Rf2 Bf6 23. g4 h4 24. g5 Bg7 25. Rg2 Qa6 26. Nb5 Nb3 27. Nb4 Qb7 28. Qf2
Bf8 29. Qxh4 Ra8 30. Qg3 c6 31. dxc6 Nxc6 32. Nd5 Be7 33. Nf6+ Kg7 34. Nxd6
Bxd6 35. Rxd6 Nba5 36. c5 bxc5 37. Bxc5 Qb5 38. Rd5 Qf1+ 39. Kh2 Rh8 40. Rf2
Qe1 41. f4 Nb3 42. fxe5 Nxc5 43. Rxc5 Nd4 44. Ng4 Qxe4 45. Rc7 Nf5 46. Qc3 Qxg4
47. e6+ Qd4 48. Rxf5 Qxc3 49. Rfxf7+ Kg8 50. bxc3 Rh4 51. Rg7+ Kh8 52. Kg3 Re4
53. Rh7+ Kg8 54. Rcg7+ 1-0

[Event "Olimpiada de Khanty-Mansiysk 2010"]
[Site "Khanty-Mansiysk RUS"]
[Date "2010.09.23"]
[Round "3.4"]
[White "Iljiushenok, Ilia"]
[Black "Chua, Zheng Yuan Terry"]
[Result "0-1"]
[WhiteElo "2412"]
[BlackElo "2280"]
[PlyCount "50"]
[EventDate "2010.09.21"]
[EventType "team"]
[EventRounds "11"]
[EventCountry "RUS"]
[Source "lmi"]
[SourceDate "2010.09.21"]
[WhiteTeam "RU4"]
[BlackTeam "Singapur"]
[BlackTeamCountry "SIN"]

1. e4 c5 2. Nf3 d6 3. d4 cxd4 4. Qxd4 Nc6 5. Bb5 Bd7 6. Bxc6 Bxc6 7. Nc3 Nf6 8.
Bg5 e6 9. O-O-O Be7 10. Qd3 Qa5 11. Kb1 O-O 12. h4 h6 13. Rh3 Rfe8 14. Bc1 d5
15. Nd4 dxe4 16. Nxc6 bxc6 17. Nxe4 Rad8 18. Nxf6+ Bxf6 19. Qe2 Rxd1 20. Qxd1
Rd8 21. Qf1 Rd4 22. g3 Ra4 23. c3 Rxa2 24. Qc4 Ra1+ 25. Kc2 Qf5+ 0-1

[Event "Olimpiada de Khanty-Mansiysk 2010"]
[Site "Khanty-Mansiysk RUS"]
[Date "2010.09.23"]
[Round "3.1"]
[White "Rodriguez Vila, Andres"]
[Black "Bluvshtein, Mark"]
[Result "0-1"]
[WhiteElo "2537"]
[BlackElo "2583"]
[PlyCount "70"]
[EventDate "2010.09.21"]
[EventType "team"]
[EventRounds "11"]
[EventCountry "RUS"]
[Source "lmi"]
[SourceDate "2010.09.21"]
[WhiteTeam "Uruguay"]
[BlackTeam "Canadá"]
[WhiteTeamCountry "URU"]
[BlackTeamCountry "CAN"]

1. d4 Nf6 2. Nf3 e6 3. e3 c5 4. b3 b6 5. Bd3 Bb7 6. O-O Be7 7. dxc5 bxc5 8. c4
O-O 9. Nc3 d5 10. cxd5 exd5 11. Bb2 Nbd7 12. Qe2 a6 13. e4 d4 14. Na4 Bd6 15.
Rac1 Re8 16. Nd2 Qe7 17. Rfe1 Ne5 18. Bb1 Bc6 19. f4 Ng6 20. g3 Nd5 21. Nc4
Bxf4 22. gxf4 Ndxf4 23. Qg4 f5 24. Qg3 fxe4 25. Ba3 Qf6 26. Nxc5 e3 27. Nd3 Nh5
28. Qg4 Bf3 29. Qh3 Qg5+ 30. Kf1 Rf8 31. Bxf8 Rxf8 32. Qe6+ Kh8 33. Rxe3 Bd5+
34. Ke1 Bxe6 35. Rxe6 Nhf4 0-1